000 00507nam a2200181Ia 4500
005 20250423100051.0
008 250422s9999 xx 000 0 und d
020 _a9789780581350
050 _aHF 5635 .J47/
100 _aJeremiah, Obera J. O.
245 0 _aManagement accounting for good decisions and better management
260 _aAbuja
260 _bNational Open University of Nigeria
260 _c2021
300 _a190 p
650 _a Managerial accounting. Decision making.
942 _cBK
999 _c32186
_d32186